Báseň venovaná Martinovi Miškolcimu od bernolákovca Františka X. Madvayho z roku 1842

Podrobná bibliografia
Hlavný autor: Madvay, František Xaver, 1772-1855 (Autor)
Médium: Kniha
Jazyk:slovenčina
Fyzický popis:8 s. 23 cm
Vydavateľské údaje: Trnava Hadrián Radváni 1996
Predmet:

MARC

LEADER 00000nam a2200000 a 4500
001 vtls001220349
003 SK-MaSNL
005 20260301003048.0
008 240318s1996 xo r 0000p slo
015 |a SNBA1996/1203355 
020 |q (brož.) 
035 |a SNK000165054 
040 |a SNK  |b slo  |c SNK  |e AACR2 
041 0 |a slo 
044 |a xo  |c SK 
080 |a 82:929:885.4  |2 1981 
080 |a 885.4:929  |2 1981 
100 1 |a Madvay, František Xaver,  |d 1772-1855  |4 aut  |9 39092 
245 1 0 |a Báseň venovaná Martinovi Miškolcimu od bernolákovca Františka X. Madvayho z roku 1842 
260 |a Trnava  |b Hadrián Radváni  |c 1996 
300 |a 8 s.  |c 23 cm 
500 |a Faksimile vyd. 
600 1 7 |a Miškolci, Martin,  |d 1763-1848  |2 SNKMA 
655 7 |a slovenská poézia  |2 SNKPH  |9 70444 
655 7 |a dedikačná poézia  |2 SNKPH  |9 240053 
958 |a TL 
958 |a LX 
958 |a BQ 
958 |a BX 
999 |c 538652  |d 540582 
952 |t P60, <03>, [BOOK], {603}  |a SNK  |b SNK  |y PREZ  |7 0  |p 17A0010086  |o snkOSC 18668  |i snkKSP 7657/96  |0 0  |1 0  |4 0  |d 1996-09-12  |l 0  |r 2005-01-01 00:00:00  |w 2026-02-23